| 000 | 00609nam a2200169Ia 4500 | ||
|---|---|---|---|
| 008 | 090201s9999 xx 000 0 und d | ||
| 010 | _aKPL-44465 | ||
| 040 | _bमराठी | ||
| 041 | _aमराठी | ||
| 082 |
_a31509 _b44465 |
||
| 100 | _a म्हात्रे शैलजा सतीश | ||
| 245 |
_aया पाखंराना पंख हवेत _c म्हात्रे शैलजा सतीश |
||
| 260 |
_c2004 _bसरस प्रकाशन |
||
| 300 |
_a156 _bमोठा |
||
| 600 | _aया पाखंराना पंख हवेत | ||
| 942 | _cBOOK | ||
| 999 |
_c229961 _d229961 |
||